Assessing the economics of building, symposium proceedings, Dublin, June 1974, by the International Council for Building Research Studies and Documentation, in association with An Foras Forbatha (Record no. 95148)

MARC details
000 -LEADER
fixed length control field 00729cam a2200205 4500
001 - CONTROL NUMBER
control field D2407
008 - FIXED-LENGTH DATA ELEMENTS--GENERAL INFORMATION
fixed length control field 090401t1974 xxu||||| |||| 00| 0 eng d
035 ## - SYSTEM CONTROL NUMBER
System control number (Sirsi) u68986
041 ## - LANGUAGE CODE
Language code of text/sound track or separate title eng
050 ## - LIBRARY OF CONGRESS CALL NUMBER
Classification number 338.4369
110 ## - MAIN ENTRY--CORPORATE NAME
Corporate name or jurisdiction name as entry element C I B
9 (RLIN) 2231
245 ## - TITLE STATEMENT
Title Assessing the economics of building, symposium proceedings, Dublin, June 1974, by the International Council for Building Research Studies and Documentation, in association with An Foras Forbatha
260 ## - PUBLICATION, DISTRIBUTION, ETC.
Place of publication, distribution, etc. Rotterdam
Name of publisher, distributor, etc. CIB
Date of publication, distribution, etc. 1974
300 ## - PHYSICAL DESCRIPTION
Extent xii. 594p. illus. diags. 30cm
350 ## - PRICE (NR) (BK AM CF MU VM SE) [OBSOLETE]
Price 0
490 ## - SERIES STATEMENT
Series statement CIB Report
Volume/sequential designation 306
520 ## - SUMMARY, ETC.
Summary, etc. 36 papers, discussions in French and English, rapporteurs, and opening and closing statements
942 ## - ADDED ENTRY ELEMENTS (KOHA)
Suppress in OPAC 0
948 ## - LOCAL PROCESSING INFORMATION (OCLC); SERIES PART DESIGNATOR (RLIN)
c (OCLC) 04/03/1997
Holdings
Withdrawn status Lost status Source of classification or shelving scheme Damaged status Not for loan Home library Current library Shelving location Date acquired Total Checkouts Full call number Barcode Date last seen Copy number Price effective from Koha item type
    Dewey Decimal Classification     London London Basement 14/09/1999   SHELF 205 30003634 06/08/2019 1 06/08/2019 Book